Normal view
MARC view
- Saad Ahmad (00000206361)
Entry Personal Name
001 - CONTROL NUMBER
- control field: 116543
003 - CONTROL NUMBER IDENTIFIER
- control field: NUST
005 - DATE AND TIME OF LATEST TRANSACTION
- control field: 20230912170004.0
008 - FIXED-LENGTH DATA ELEMENTS
- fixed length control field: 230912|| aca||aabn | a|a d
040 ## - CATALOGING SOURCE
- Original cataloging agency: NUST
- Transcribing agency: NUST
100 ## - HEADING--PERSONAL NAME
- Personal name: Saad Ahmad (00000206361)
670 ## - SOURCE DATA FOUND
- Source citation: Work cat.: (NUST): Saad Ahmad (00000206361), Design and Analysis of Controllers for Non Isolated High Gain DC-DC Converter /, 2021
